[Event "Vasteras op"]
[Site "Vasteras"]
[Date "2018.09.28"]
[Round "1"]
[White "Solodovnichenko, Yuri"]
[Black "Larsson, Ingemar"]
[Result "1-0"]
[WhiteElo "2554"]
[BlackElo "1961"]
[PlyCount "35"]
[EventDate "2018.09.28"]
[EventType "swiss"]
[EventRounds "8"]
[EventCountry "SWE"]
[SourceTitle "CBM 186 Extra"]
[Source "ChessBase"]
[SourceDate "2018.08.24"]
[SourceVersion "1"]
[SourceVersionDate "2018.08.24"]
[SourceQuality "1"]

1. e4 d5 2. exd5 Qxd5 3. Nc3 Qa5 4. d4 Nf6 5. Bd2 c6 6. Nf3 Bf5 7. Bc4 e6 8. Nd5 Qd8 9. Nxf6+ gxf6 10. Qe2 Nd7 11. 0-0-0 Nb6 12. Bb3 Qc7 13. Nh4 Bg6 14. f4 0-0-0 15. f5 exf5 16. Qf3 Rxd4 17. Nxf5 Rd8 18. Bf4 1-0